Sports Quiz

Random Sports or Football Quiz

NCAA Division 1 Football Champions Quiz Stats

Quiz not verified by Sporcle

Challenge
Share
Tweet
Embed
Score 0/59 Timer 10:00
0 Plays Today
Year Team (s) % Correct
1963Texas
97.1%
1969Texas
97.1%
2005Texas
97.1%
1961Alabama
96.7%
1964Alabama
96.7%
1965Alabama
96.7%
1978Alabama
96.7%
1979Alabama
96.7%
1992Alabama
96.7%
1996Florida
96.4%
2006Florida
96.4%
2008Florida
96.4%
1962Southern California
95.4%
1967Southern California
95.4%
1972Southern California
95.4%
2003Southern California
95.4%
2004Southern California
95.4%
1950Oklahoma
95%
1955Oklahoma
95%
1956Oklahoma
95%
1974Oklahoma
95%
1975Oklahoma
95%
1985Oklahoma
95%
2000Oklahoma
95%
1954Ohio State
94.8%
1968Ohio State
94.8%
2002Ohio State
94.8%
1958Louisiana State
93.7%
2007Louisiana State
93.7%
1993Florida State
93.6%
Year Team (s) % Correct
1999Florida State
93.6%
1997Michigan
93.2%
1983Miami (FL)
91.9%
1987Miami (FL)
91.9%
1989Miami (FL)
91.9%
1991Miami (FL)
91.9%
2001Miami (FL)
91.9%
1966Notre Dame
89.7%
1973Notre Dame
89.7%
1977Notre Dame
89.7%
1988Notre Dame
89.7%
1951Tennessee
88%
1970Nebraska
88%
1971Nebraska
88%
1980Georgia
88%
1994Nebraska
88%
1995Nebraska
88%
1998Tennessee
88%
1982Pennsylvania State
84.7%
1986Pennsylvania State
84.7%
1957Auburn
80.8%
1990Colorado
75.6%
1952Michigan State
75.5%
1981Clemson
66.6%
1984Brigham Young
64.8%
1960Minnesota
64.1%
1959Syracuse
58.4%
1976Pittsburgh
57.2%
1953Maryland
49.3%

You're not logged in!

Compare scores with friends on all Sporcle quizzes.
Sign Up with Email
OR
Log In

You Might Also Like...

Show Comments

Extras

Top Quizzes Today


Score Distribution

Your Account Isn't Verified!

In order to create a playlist on Sporcle, you need to verify the email address you used during registration. Go to your Sporcle Settings to finish the process.

Report this User

Report this user for behavior that violates our Community Guidelines.

Details: